000 01910cam a2200445 4500
003 PE-LiUPU
005 20250731183429.0
008 221031b |||||||| |||| 00| 0 eng d
020 _aISSN: 01206702
035 _a(Sirsi) i01206702
035 _a(Sirsi) 46245
035 _a(Sirsi) 46245
040 _cPE-LiUPU
041 _aes
044 _aco
082 0 4 _a720.986105
_bE78 19
245 _aCiudades dentro de la ciudad /
_cSociedad Bolivariana de Arquitectos
_n19.
264 1 _aBogotá :
_bSociedad Bolivariana de Arquitectos,
_c[1991]
300 _apag. varia :
_bilustraciones ;
_c34 cm.
490 0 _aPaquetes temáticos
_v19
500 _aISSN: 0120-6702 La Revista Escala publica monografías títuladas como : "Paquetes temáticos" cubre temas especificos, recopilados de los artículos publicados en la misma revista
504 _aIncluye bibliografía
505 0 _aNueva Santafe -- Ciudad Salitre -- Ciudad Tunal II -- Ciudadela Colsubsidio -- Parque central Bavaria -- Ciudad Bolivar -- Ciudades de la ciudad -- Ciudad en la ciudad -- La ciudad, los asentamientos populares y la arquitectura -- Recursos y sis
526 _aP158
526 _aP146
526 _aP17
526 _aP12
526 _aP06
650 1 4 _aArquitectura colombiana
_vPublicaciones seriadas
650 1 4 _aArquitectura
_xDiseños y planos
_vPublicaciones seriadas
650 1 4 _aArte colombiano
_xSiglo XX
_vPublicaciones seriadas
650 1 4 _aIngeniería
_zColombia
_vPublicaciones seriadas
773 _aEscala
_brevista mensual de arquitectura, arte, ingeniería, ciencia y tecnología
_g19
910 _agl
942 _2ddc
_cBOOK
949 _a720.986105 E78 19
_i63800
_lCCODEBUL1
_mBUL
_tLIBRO
_o.STAFF. Colección General
999 _c52691
_d52691
980 _81
_gALBERTO SANCHEZ Responsable de Automatización